Responses for show #823 - Wednesday, March 16, 1988

Ron Trigueiro game 4.

Contestants

[<< previous game]

Kate Coe, a segment producer originally from Billings, Montana

Scooter Lowe, a market research coordinator originally from Elkhart, Indiana

Ron Trigueiro, a student from Caruthers, California (whose 3-day cash winnings total $36,700)

[next game >>]

Jeopardy! Round responses

EGYPTIAN MYTHOLOGY
"THE" MOVIES
GAMES
CRIME & PUNISHMENT
HEADS OF GOVERNMENT
DOUBLE TALK
    $100 17
Sphinx

Kate
    $100 10
The African Queen

Ron
    $100 5
watching TV

Kate
    $100 16
...
(Alex: 82 times? Giovanni, naughty, naughty, Giovanni. Or...lucky, lucky Giovanni.)
[Laughter]

bigamy

Ron
    $100 4
(Scooter: [eye roll, head shake & shoulder shrug] )
(Alex: No guess?)
(Scooter: No guess.)

France

ScooterKate
    $100 18
(Scooter: What is Caesar's Palace?)

Circus Circus

ScooterKate
    $200 21
pregnancy

Ron
    $200 11
The Sword in the Stone

Kate
    $200 6
Cootie

Kate
    $200 26
(Alex: You're right and we've got less than a minute to go.)

public apology

Kate
    $200 2
South Africa

Scooter
    $200 19
Baba

Scooter
    $300 22
heart

Scooter
    $300 12
The Blues Brothers

Ron
    $300 7
Scrabble

Scooter
    $300 23
(Ron: What is if they were blindfolded?)
...
(Alex: It goes back to the Bible. What is if they were [*]. Fine, if you guys are [*] you can throw stones at me.)

without sin

Ron
Triple Stumper
    $300 1
Nicaragua

Kate
    $300 20
Dum Dum

Ron
    $400 13
The Outlaw

Scooter
    $400 8
yes & no

Ron
    $400 24
witness protection

Scooter
    $400 3
Iraq

Ron
    $800 27
[The song was not played going into the break.]

sí sí

Kate
    $500 14
The Razor's Edge

Scooter
    $500 15
(Scooter: What is Mrs. Plum & Miss Scarlet?)

(2 of) Miss Scarlet, Mrs. White (Mrs. Peacock)

ScooterKate
    $500 25
[Alex was chuckling as he completed reading the clue.]
(Scooter: What is lions or tigers?)
[Laughter!]
...
(Alex: I was thinking of lions & tigers & that's why I thought it was so funny. You throw the convicts in there and say, "Tame those, the lions & tigers.")

wild horses

RonScooter
    $500 9
head of the East German government

Ron

Scores at the first commercial break (after clue 16):

Ron Scooter Kate
$1,800 $800 $1,400

Scores at the end of the Jeopardy! Round:

Ron Scooter Kate
$2,500 $1,100 $2,600

Double Jeopardy! Round responses

THE REVOLUTIONARY WAR
LITERATURE
GERSHWIN SONGS
CASTLES & CHATEAUX
MEDICINE
DOUBLE MEANINGS
    $200 8
...
(Alex: He felt everyone was entitled to a fair trial. He was right of course.)

Boston

Ron
    $200 14
...
(Alex: Yup, 200 pounds.)

Gulliver's Travels

Scooter
    $200 23
(Ron: What is meant to stay?)

here to stay

RonScooter
    $200 9
Napoleon Bonaparte

Ron
    $200 27
diabetes

Ron
    $200 21
safe cracker

Ron
    $400 7
Bunker Hill

Scooter
    $400 3
Nana

Ron
    $400 28
Let's call the whole thing off

Kate
    $400 10
mistress

Ron
    $400 25
Nobel Prize for Medicine

Ron
    $400 20
(Scooter: What is Jim?)

Yankee doodle

Scooter
Triple Stumper
    $600 4
Tory

Scooter
    $600 18
(Kate: Who is, oh, who is Shirley...Oh, I don't know.)

Shirley Jackson

RonKate
    $600 24
...
(Alex: We've got a minute to go.)

drums

Triple Stumper
    $600 11
mansard roof

Ron
    $1,000 1
Acquired

Scooter
    $600 17
third degree

Ron
    $1,100 6
contributing financially to the colonist's cause, the Revolution

Ron
    $800 22
Emily Dickinson

Kate
    $800 30
a stairway to paradise

Kate
    $800 12
(Kate: Who was Molinar?)

Molière

Kate
Triple Stumper
    $800 2
cancer

Kate
    $800 15
(Ron: Uh, what is to drop your guard?)

letting down your guard

Ron
Triple Stumper
    $1000 5
(Gentleman Johnny) Burgoyne

Ron
    $1000 26
D.H. Lawrence

Ron
    $1000 29
"Nice Work If You Can Get It"

Kate
    $1000 13
Balmoral

Ron
    $1000 16
chicken pox

Ron
    $1000 19
Alabama bound

Ron

Scores at the end of the Double Jeopardy! Round:

Ron Scooter Kate
$11,400 $3,100 $5,000
(lock game)

[wagering suggestions for these scores]

Final Jeopardy! Round responses

CAPITAL CITIES
ScooterWhat is...(I don't have the foggiest idea
$3,098
KateWhat is Quito?
$4,995
RonWhat is Quito?
$1,300
Quito

Final scores:

Ron Scooter Kate
$12,700 $2 $9,995
4-day champion: $49,400 3rd place: Aurora dining group 2nd place: trip on Eastern to San Juan, Puerto Rico & stay at Condado Play Hotel & Casino

Game dynamics:

Coryat scores:

Ron Scooter Kate
$11,100 $2,700 $4,600
25 R
(including 1 DD),
3 W
12 R
(including 1 DD),
5 W
15 R
(including 1 DD),
2 W

Combined Coryat: $18,400

The J! Archive is created by fans, for fans. The Jeopardy! game show and all elements thereof, including but not limited to copyright and trademark thereto, are the property of Jeopardy Productions, Inc. and are protected under law. This website is not affiliated with, sponsored by, or operated by Jeopardy Productions, Inc. Join the discussion at JBoard.tv.